| 000 | 01553njm a2200313Ia 4500 | ||
|---|---|---|---|
| 001 | 62731 | ||
| 003 | IT-RoPAU | ||
| 005 | 20220918181152.0 | ||
| 008 | 131025s9999 xx 000 0 und d | ||
| 040 | _aIT-RoPAU | ||
| 040 | _cIT-RoPAU | ||
| 041 | _aITALIANO | ||
| 999 |
_c102250 _d102250 |
||
| 999 | _bn.d. | ||
| 100 |
_aZero Renato _95540 |
||
| 100 |
_eAutore musica _923298 |
||
| 100 |
_gCodice autore musica SPICS: 11202 _95542 |
||
| 245 | _aZero (2 Lp Zl 71539) | ||
| 250 | _a1a ed. | ||
| 260 | _aITALIA | ||
| 260 |
_bZEROMANIA MUSIC _c1987 [1a Ed.:1987 - Ed. Lingua Orig.: 1987] |
||
| 300 | _aDISCO | ||
| 300 | _c77 minuti (Testo: pag.) | ||
| 500 | _aMusica leggera. Canzone italiana. Cantautore | ||
| 505 | _aLei (Zero-Conrado-Zero) - Calendario - Verde (Zero-Ciccaglioni-Zero) - Ho dato (Zero-Troiani-Zero) - Vagabondo cuore (Zero-Pintucci-Zero) - Souvenir (Zero-Serio-Zero) - Siamo eroi (Zero-Conrado-Zero) - Facile (Zero-Conrado-Zero) - Astronatività (Zero-Conrado-Zero) - Seminando (Zero-Ciccaglioni-Zero) - Telecomando (Zero-Troiani-Zero) - Artisti (Zero-Lakatos-Zero) - Immunità (Zero-Conrado-Zero) - Promessa (Zero-Conrado-Zero) - Il primatista (Zero-Pintucci-Zero) - Infernale dilemma (Zero-Conrado-Zero) - Più o meno (Zero-Serio-Zero) - Danza macraba (Zero-Conrado-Zero) | ||
| 650 |
_aLEGGERA ITALIAN [DISCHI] _eCodice MATERIA SPICS: 9950 _923160 |
||
| 700 |
_aZero Renato _eAutore testo e musica _gCodice autore testo/musica SPICS: 11202 _923299 |
||
| 700 |
_aZero Renato _gCodice interprete SPICS: 11202 _eInterprete _923300 |
||
| 942 |
_cMD _2ddc |
||